Harry Potter Trivia Quiz #2 - Statistics

General Stats
  • This quiz has been taken 211 times
  • The average score is 17 of 20
Answer Stats
Question Answer % Correct
Name all the members of the Weasley family Ron
99%
Name all the members of the Weasley family George
98%
Name all the members of the Weasley family Ginny
98%
What are the names of Harry's parents? James
98%
What are the names of Harry's parents? Lily
98%
Name all the members of the Weasley family Fred
97%
What is the (derogatory) term for a Muggle-born wizard or witch? Mudblood
96%
Name all the members of the Weasley family Percy
94%
Name all the members of the Weasley family Molly
92%
Name all the members of the Weasley family Bill
90%
Name all the members of the Weasley family Arthur
89%
Who betrayed Harry's parents as their Secret-Keeper? Peter Pettigrew
89%
Name all the members of the Weasley family Charlie
88%
What standardized tests do Hogwarts students take in their fifth year? O.W.L.s
87%
Who sends Harry his Firebolt? Sirius Black
87%
Which spell can levitate an object? Wingardium Leviosa
83%
What does Dumbledore anonymously send to Harry on Christmas? Invisibility Cloak
81%
What is the name of the Weasley family home? The Burrow
74%
What magazine does Xenophilius Lovegood publish? The Quibbler
68%
When is Harry's birthday? July 31st
35%
No matching quizzes found
Score Distribution
Percent of People with Each Score
Percentile by Number Answered
Your Score History
You have not taken this quiz